Now That's What I Call Music! Quiz - Statistics

General Stats
  • This quiz has been taken 518 times
    376 since last reset
  • The average score is 54 of 100
Answer Stats
Now Album Song Artist % Correct
Now 25 Somebody to Love George Michael & Queen
95%
Now 2 Radio Ga Ga Queen
95%
Now 6 One Vision Queen
95%
Now 15 I Want It All Queen
95%
Now 21 Bohemian Rhapsody Queen
95%
Now 32 Heaven for Everyone Queen
95%
Now 33 Too Much Love Will Kill You Queen
95%
Now 73 Poker Face Lady Gaga
86%
Now 75 Bad Romance Lady Gaga
86%
Now 44 ...Baby One More Time Britney Spears
85%
Now 46 Oops...I Did It Again Britney Spears
85%
Now 57 Toxic Britney Spears
85%
Now 90 Uptown Funk Mark Ronson feat. Bruno Mars
83%
Now 86 Roar Katy Perry
82%
Now 76 California Gurls Katy Perry feat. Snoop Dogg
82%
Now 78 Grenade Bruno Mars
81%
Now 94 This Is What You Came For Calvin Harris (featuring Rihanna)
80%
Now 80 Moves Like Jagger Maroon 5 feat. Christina Aguilera
80%
Now 77 Only Girl (In The World) Rihanna
79%
Now 67 Umbrella Rihanna feat. Jay-Z
79%
Now 34 Wannabe Spice Girls
79%
Now 35 Say You'll Be There Spice Girls
79%
Now 36 Mama Spice Girls
79%
Now 83 Gangnam Style Psy
76%
Now 79 Someone Like You Adele
72%
Now 85 Get Lucky Daft Punk feat. Pharell Williams
71%
Now 96 Castle On The Hill Ed Sheeran
68%
Now 81 Somebody That I Used to Know Gotye feat. Kimbra
66%
Now 50 Can't Get You Out of My Head Kylie Minogue
66%
Now 89 All About That Bass Meghan Trainor
65%
Now 56 Where Is the Love? Black Eyed Peas
62%
Now 68 Bleeding Love Leona Lewis
62%
Now (Now 1) You Can't Hurry Love Phil Collins
62%
Now 47 Rock DJ Robbie Williams
62%
Now 49 Eternity Robbie Williams
62%
Now 37 MMMBop Hanson
61%
Now 87 Happy Pharell Williams
60%
Now 61 You're Beautiful James Blunt
59%
Now 3 The Reflex Duran Duran
58%
Now 5 A View to a Kill Duran Duran
58%
Now 8 Notorious Duran Duran
58%
Now 98 Havana Camila Cabello feat. Young Thug
57%
Now 91 Love Me like You Do Ellie Goulding
57%
Now 97 Despacito (Remix) Luis Fonsi & Daddy Yankee feat. Justin Bieber
57%
Now 19 Should I Stay or Should I Go The Clash
54%
Now 82 We Are Young Fun. feat. Janelle Monae
53%
Now 66 Grace Kelly MIKA
53%
Now 7 Sledgehammer Peter Gabriel
52%
Now 74 Fight For This Love Cheryl Cole
51%
Now 84 One Way Or Another (Teenage Kicks) One Direction
51%
Now 12 With a Little Help from My Friends Wet Wet Wet
51%
Now 28 Love Is All Around Wet Wet Wet
51%
Now 31 Don't Want To Forgive Me Now Wet Wet Wet
51%
Now 65 I Don't Feel Like Dancin' Scissor Sisters
50%
Now 100 One Kiss Calvin Harris & Dua Lipa
49%
Now 48 Whole Again Atomic Kitten
48%
Now 64 Crazy Gnarls Barkley
48%
Now 55 Ignition (Remix) R.Kelly
48%
Now 70 American Boy Estelle feat. Kanye West
47%
Now 69 Mercy Duffy
46%
Now 10 Barcelona Freddie Mercury & Montserrat Caballe
46%
Now 27 The Sign Ace of Base
44%
Now 39 Never Ever All Saints
42%
Now 93 7 Years Lukas Graham
42%
Now 11 Always on my Mind Pet Shop Boys
42%
Now 92 Writing's on the Wall Sam Smith
42%
Now 62 Push The Button Sugababes
42%
Now 26 (I can't help) Falling in Love With You UB40
42%
Now 41 No Matter What Boyzone
41%
Now 42 When the Going Gets Tough Boyzone
41%
Now 59 Curtain Falls Blue
39%
Now 54 All the Things She Said t.A.T.u
39%
Now 71 The Promise Girls Aloud
38%
Now 95 Say You Won’t Let Go James Arthur
38%
Now 13 The Only Way is Up Yazz & The Plastic Population
38%
Now 88 Ghost Ella Henderson
37%
Now 16 Sowing the Seeds of Love Tears For Fears
36%
Now 51 Hero Enrique Iglesias
35%
Now 52 If Tomorrow Never Comes Ronan Keating
35%
Now 60 What You Waiting For? Gwen Stefani
33%
Now 72 The Fear Lily Allen
33%
Now 38 Tubthumping Chumbawamba
32%
Now 9 Reet Petite Jackie Wilson
32%
Now 40 The Grease Megamix John Travolta & Olivia Newton-John
32%
Now 4 No More Lonely Nights Paul McCartney
32%
Now 24 Young at Heart The Bluebells
31%
Now 17 Blue Savannah Erasure
30%
Now 22 Take a Chance On Me Erasure
30%
Now 99 These Days Rudimental feat. Jess Glynne, Macklemore & Dan Caplen
29%
Now 20 Dizzy Vic Reeves & The Wonder Stuff
29%
Now 45 Rise Gabrielle
28%
Now 14 Something's Gotten Hold of my Heart Marc Almond featuring Gene Pitney
28%
Now 18 A Little Time The Beautiful South
28%
Now 43 Perfect Moment Martine McCutcheon
27%
Now 23 Sleeping Satellite Tasmin Archer
27%
Now 53 Heaven DJ Sammy & Yanou featuring Do
26%
Now 29 Baby Come Back Pato Banton feat Robin Campbell and Ali Campbell
19%
Now 58 Some Girls Rachel Stevens
18%
Now 63 Put Your Records On Corrine Bailey Rae
16%
Now 30 Turn On, Tune In, Cop Out Freak Power
15%
No matching quizzes found
Score Distribution
Percent of People with Each Score
Percentile by Number Answered
Your Score History
You have not taken this quiz since the last reset